[Event "FRA-chT2 1011"]
[Site "France"]
[Date "2010.10.17"]
[Round "1.8"]
[White "Binetruy, Typhanie"]
[Black "Le Pape, Valery"]
[Result "0-1"]
[WhiteElo "1499"]
[BlackElo "1985"]
[PlyCount "64"]
[EventDate "2010.10.17"]
[EventType "team-tourn"]
[EventRounds "11"]
[EventCountry "FRA"]
[SourceTitle "EXT 2012"]
[Source "ChessBase"]
[SourceDate "2011.11.24"]
[SourceVersion "1"]
[SourceVersionDate "2011.11.24"]
[SourceQuality "1"]

1. e4 c5 2. Be2 Nc6 3. Nf3 g6 4. 0-0 Bg7 5. Bc4 e6 6. Nc3 Nge7 7. e5 Nxe5 8. Nxe5 Bxe5 9. Re1 Bg7 10. d3 0-0 11. Be3 d5 12. Bb5 d4 13. Bg5 dxc3 14. bxc3 h6 15. Bf4 Nd5 16. Re4 Nxc3 17. Qe1 Nxb5 18. a4 Nd4 19. c3 Nc2 20. Qd1 Nxa1 21. Qxa1 Qxd3 22. Qe1 Rd8 23. g3 Bxc3 24. Qe3 Qxe3 25. Rxe3 Rd1+ 26. Kg2 Bd4 27. Re4 b6 28. Kf3 Bb7 29. g4 Rd3+ 30. Kg2 Bxe4+ 31. Kf1 Bf3 32. Kg1 Rd1# 0-1